000 00440nam a2200169Ia 4500
008 221030s9999 xx 000 0 und d
020 _a8187522038
041 _aEnglish
082 _a105.23
_bPat
100 _aR. B. Patel
245 0 _aExpert Data Structures with C++
_cby R. B. Patel, M. M. S. Rauthan
260 _bKhanna Pub.
_aNew Delhi
_c1999
300 _a658
650 _aBE Computer
700 _aM. M. S. Rauthan
942 _cBK
999 _c7209
_d7209